<?xml version="1.0" encoding="UTF-8"?>
<record
    xmlns:xsi="http://www.w3.org/2001/XMLSchema-instance"
    xsi:schemaLocation="http://www.loc.gov/MARC21/slim http://www.loc.gov/standards/marcxml/schema/MARC21slim.xsd"
    xmlns="http://www.loc.gov/MARC21/slim">

  <leader>00768nam a22002177a 4500</leader>
  <datafield tag="952" ind1=" " ind2=" ">
    <subfield code="a">0001</subfield>
    <subfield code="b">0001</subfield>
    <subfield code="d">2020-11-05</subfield>
    <subfield code="l">0</subfield>
    <subfield code="o">ATA 923.1561 C31s 1981</subfield>
    <subfield code="p">019674</subfield>
    <subfield code="r">2020-11-05 00:00:00</subfield>
    <subfield code="w">2020-11-05</subfield>
    <subfield code="x">Emine Ba&#x15F;ak Alkan Ba&#x11F;&#x131;&#x15F;&#x131;d&#x131;r.</subfield>
    <subfield code="y">BKS</subfield>
  </datafield>
  <datafield tag="952" ind1=" " ind2=" ">
    <subfield code="a">0002</subfield>
    <subfield code="b">0002</subfield>
    <subfield code="d">2021-08-11</subfield>
    <subfield code="l">0</subfield>
    <subfield code="o">923.1561 C31s 1981</subfield>
    <subfield code="p">P00831</subfield>
    <subfield code="r">2021-08-11 00:00:00</subfield>
    <subfield code="w">2021-08-11</subfield>
    <subfield code="x">Emin De&#x11F;er Ba&#x11F;&#x131;&#x15F;&#x131;d&#x131;r.</subfield>
    <subfield code="y">BKS</subfield>
  </datafield>
  <datafield tag="999" ind1=" " ind2=" ">
    <subfield code="c">14148</subfield>
    <subfield code="d">14148</subfield>
  </datafield>
  <controlfield tag="003">MIRAKIL</controlfield>
  <controlfield tag="005">20201105115141.0</controlfield>
  <controlfield tag="008">201105b        tu ||||| |||| 00| 0 tur d</controlfield>
  <datafield tag="040" ind1=" " ind2=" ">
    <subfield code="a">TR-AnCHP</subfield>
    <subfield code="b">tur</subfield>
    <subfield code="c">TR-AnCHP</subfield>
  </datafield>
  <datafield tag="082" ind1=" " ind2=" ">
    <subfield code="a">ATA 923.1561</subfield>
    <subfield code="b">C31s 1981</subfield>
  </datafield>
  <datafield tag="100" ind1="1" ind2=" ">
    <subfield code="a">Cebesoy, Ali Fuad</subfield>
  </datafield>
  <datafield tag="245" ind1=" " ind2=" ">
    <subfield code="a">S&#x131;n&#x131;f arkada&#x15F;&#x131;m Atat&#xFC;rk :</subfield>
    <subfield code="b">Okul ve gen&#xE7; subayl&#x131;k hat&#x131;ralar&#x131;/</subfield>
    <subfield code="c">Ali Fuat Cebesoy.</subfield>
  </datafield>
  <datafield tag="246" ind1=" " ind2=" ">
    <subfield code="a">Okul ve gen&#xE7; subayl&#x131;k hat&#x131;ralar&#x131;</subfield>
  </datafield>
  <datafield tag="260" ind1=" " ind2=" ">
    <subfield code="a">&#x130;stanbul:</subfield>
    <subfield code="b">&#x130;nk&#x131;lap ve Aka Kitabevleri</subfield>
    <subfield code="c">1981.</subfield>
    <subfield code="f">Anka Ofset Bas&#x131;mevi.</subfield>
  </datafield>
  <datafield tag="300" ind1=" " ind2=" ">
    <subfield code="a">174 s.;</subfield>
    <subfield code="c">19 sm.</subfield>
  </datafield>
  <datafield tag="504" ind1=" " ind2=" ">
    <subfield code="a">Dizin vard&#x131;r.</subfield>
  </datafield>
  <datafield tag="600" ind1=" " ind2=" ">
    <subfield code="a">Atat&#xFC;rk, Mustafa Kemal</subfield>
    <subfield code="d">1881-1938</subfield>
  </datafield>
  <datafield tag="600" ind1="1" ind2="4">
    <subfield code="a">Cebesoy, Ali Fuad</subfield>
    <subfield code="d">1882-1968</subfield>
    <subfield code="9">4978</subfield>
    <subfield code="x">An&#x131;lar</subfield>
  </datafield>
  <datafield tag="740" ind1=" " ind2=" ">
    <subfield code="a">Okul ve gen&#xE7; subayl&#x131;k hat&#x131;ralar&#x131;</subfield>
  </datafield>
  <datafield tag="942" ind1=" " ind2=" ">
    <subfield code="2">ddc</subfield>
    <subfield code="c">BKS</subfield>
  </datafield>
</record>
